00371 a2200109 4500001001000000005001700010008004100027245007200068100002600140700002500166773007000191ART_5095620260410161608.0260409a 10aLas Normas Internacionales de Contabilidad para el sector público1 aFaccendini, Yanina C.1 aOubiña, Gabriel H.0 tProfesional & Empresariag- Año XXI, N° 251 (ago. 2020)wREV70